000 00255nam a2200121Ia 4500
008 190216s9999||||xx |||||||||||||| ||und||
100 _aNull
245 0 _aHindi-Smrithi Aur Sambavana
260 _bNull
300 _a111
650 _aHindi
942 _cBK
999 _c15802
_d15802